Sports Quiz

Random Sports or Football Quiz

NFL Most Single Season Rushing Attempts Quiz Stats

 Plays Quiz Updated Jan 5, 2021

     
Support Sporcle.
Go Orange.
Score 0/30 Timer 05:00
6 Plays Today
Rushing Attempts Running Back % Correct
377Emmitt Smith
91.8%
373Emmitt Smith
91.8%
378Derrick Henry
88.1%
416Larry Johnson
87.3%
392Ricky Williams
87.3%
383Ricky Williams
87.3%
372LaDainian Tomlinson
86.4%
370Shaun Alexander
86.1%
381Walter Payton
82.6%
375Jerome Bettis
82.4%
387Edgerrin James
79.9%
392Terrell Davis
79.8%
403Eddie George
79.4%
387Jamal Lewis
78.7%
392DeMarco Murray
78.2%
Rushing Attempts Running Back % Correct
376Michael Turner
75%
371Curtis Martin
74.7%
404Eric Dickerson
74.7%
390Eric Dickerson
74.7%
388Eric Dickerson
74.7%
379Eric Dickerson
74.7%
410Jamal Anderson
60%
380Marcus Allen
59%
373Earl Campbell
51.6%
375John Riggins
49.2%
370Christian Okoye
34.5%
390Barry Foster
18.3%
397Gerald Riggs
17.1%
378George Rogers
14.3%
407James Wilder
13.6%

From the Vault

Click the Harry Potter Characters by Initial

by FantasticBowTies

Movies 2m
You might think this is hard initially but then you'll get the hang of it.
Remove Ads.
Support Sporcle.
Get the best of Sporcle when you Go Orange. This ad-free experience offers more features, more stats, and more fun while also helping to support Sporcle. Thank you for becoming a member.

Show Comments

Extras

Top Quizzes Today


Score Distribution

Your Account Isn't Verified!

In order to create a playlist on Sporcle, you need to verify the email address you used during registration. Go to your Sporcle Settings to finish the process.

Report this User

Report this user for behavior that violates our Community Guidelines.

Details: